Exploring Differences ,Recording Change: (Record no. 211958)

MARC details
000 -LEADER
fixed length control field 00700nam a22002297a 4500
005 - DATE AND TIME OF LATEST TRANSACTION
control field 20250625155626.0
010 ## - LCCN (DPL NO)
LC control number ENG-145511
020 ## - INTERNATIONAL STANDARD BOOK NUMBER
Terms of availability 250.00
International Standard Book Number 9788193376140
035 ## - SYSTEM CONTROL NUMBER
System control number EN-129043
037 ## - SOURCE OF ACQUISITION
Source of stock number/acquisition DBAD/PUB
082 ## - DEWEY DECIMAL CLASSIFICATION NUMBER
Classification number 305.4
100 ## - MAIN ENTRY--PERSONAL NAME
Personal name Pereira, Melvil
245 ## - TITLE STATEMENT
Title Exploring Differences ,Recording Change:
Remainder of title The Karbis of Assam/
Statement of responsibility, etc Melvil Pereira....[ed,al]
250 ## - EDITION STATEMENT
Edition statement 1
260 ## - PUBLICATION, DISTRIBUTION, ETC. (IMPRINT)
Place of publication, distribution, etc Guwahati
Date of publication, distribution, etc 2017
270 ## - ADDRESS
City Assam
Address North Eastern Social Research Centre
Postal code 781005
300 ## - PHYSICAL DESCRIPTION
Extent 311vpp.
Dimensions 21cm(pbk)
700 ## - ADDED ENTRY--PERSONAL NAME
Personal name Dharaming Teron
9 (RLIN) 82359
700 ## - ADDED ENTRY--PERSONAL NAME
Personal name Syotikona Chetia
9 (RLIN) 82360
700 ## - ADDED ENTRY--PERSONAL NAME
Personal name Maggie Katharpi
9 (RLIN) 82361
942 ## - ADDED ENTRY ELEMENTS (KOHA)
Source of classification or shelving scheme Dewey Decimal Classification
Item type English Books
Classification part 305.4
Call number suffix MEL
Holdings
Withdrawn status Lost status Not for loan Collection code Home library Current library Date acquired Source of acquisition Cost, normal purchase price Full call number Barcode Cost, replacement price Koha item type
      Non-fiction RC4 Seelam Pur RC4 Seelam Pur 25/06/2025 DBAD 250.00 305.4 MEL EN-129043 250.00 English Books

© Delhi Public Library
Hit Counter
free hit counter